01432 a2200205 45000010006000000050017000060080041000230030015000640400040000790800033001192450025001520200022001772640046001993000025002455050791002701000023010617000025010847000020011098560097011291465220260407155448.0260407a1995 arg spa dAR-UNSa-BCEJYS aAR-UNSa-BCEJYSbspacAR-UNSa-BCEJYS a330.101.542xMicroeconomía10aMicroeconomic theory a978-0-19-507340-9 1aNew York :bOxford University Pressc1995 axvii, 981 p.c26 cm. a1. Preference and choice - 2. Consumer choice - 3. Classical demand theory - 4. Aggregate demand - 5. Production - 6. Choice under uncertainty - 7. Basic elements of noncooperative games - 8. Simultaneous-move games - 9. Dynamic games - 10. Competitive markets - 11. Externalities and public goods - 12. Market power - 13. Adverce selection, signaling, and screening - 14. The principal-agent problem - 15. General equilibrium theory: some examples - 16. Equilibrium and Its basic welfare properties - 17. The positive theory of equilibrium - 18. Some fundations for competitive equilibria - 19. General equilibrium under uncertainty - 20. Equilibrium and time - 21. Social choice theory - 22. Elements of welfare economics and axiomatic bargaining - 23. Incentives and mechanism design1 aMas-Colell, Andreu1 aWhinston, Michael D.1 aGreen, Jerry R.41uhttps://www.biblioeco.unsa.edu.ar/pmb/images/libros/14652.jpgyImagen de portadaqimage/jpeg